[Event "ROM-ch U08"]
[Site "Baile Felix"]
[Date "2017.02.06"]
[Round "6"]
[White "Celmare, Radu Constantin"]
[Black "Ursu, Bogdan"]
[Result "0-1"]
[WhiteElo "1075"]
[BlackElo "1001"]
[PlyCount "58"]
[EventDate "2017.02.02"]
[EventType "swiss"]
[EventRounds "9"]
[EventCountry "ROU"]
[SourceTitle "CBM 176 Extra"]
[Source "ChessBase"]
[SourceDate "2017.03.02"]
[SourceVersion "1"]
[SourceVersionDate "2017.03.02"]
[SourceQuality "1"]

1. e4 e6 2. d4 d5 3. e5 c5 4. c3 Nc6 5. Nf3 Qb6 6. Bd3 cxd4 7. cxd4 Bd7 8. Bc2 Nb4 9. Nc3 Nxc2+ 10. Qxc2 Rc8 11. 0-0 Ne7 12. Qd3 Nf5 13. h3 Be7 14. Bf4 0-0 15. Rfc1 Qa5 16. a3 Bd8 17. b4 Qa6 18. Qxa6 bxa6 19. Ng5 h6 20. Nf3 a5 21. Ra2 Bb6 22. Rac2 Rc7 23. b5 Rfc8 24. a4 Bxd4 25. Nxd4 Nxd4 26. Rd2 Nb3 27. Rdc2 Nxc1 28. Rxc1 Rxc3 29. Rxc3 Rxc3 0-1